Every csgo player who played a Major - Statistics

General Stats
  • This quiz has been taken 339 times
  • The average score is 107 of 349
Answer Stats
Majors Played Nationality Player % Correct
14 France kennyS
93%
15 Denmark device
92%
9 Ukraine s1mple
91%
15 Denmark dupreeh
89%
9 Bosnia and Herzegovina NiKo
85%
1 Denmark niko
85%
15 Sweden olofmeister
85%
13 Poland pashaBiceps
85%
14 Slovakia GuardiaN
84%
15 Denmark Xyp9x
84%
13 Poland Snax
83%
13 France apEX
82%
11 Brazil FalleN
81%
12 Sweden GeT_RiGhT
80%
14 Sweden JW
80%
15 France shox
80%
12 Poland TaZ
80%
9 Brazil coldzera
79%
13 Denmark karrigan
79%
14 Poland NEO
79%
12 Norway rain
79%
15 Ukraine Zeus
79%
14 Sweden flusha
78%
5 Denmark Magisk
78%
11 Denmark gla1ve
77%
14 France NBK-
75%
7 Finland allu
74%
13 Poland byali
74%
6 Russia electronic
74%
12 Sweden f0rest
73%
11 Brazil fer
73%
9 Belgium Scream
73%
5 Kazakhstan Hobbit
72%
1 Bosnia and Herzegovina/Serbia huNter-
72%
11 France Happy
70%
7 Denmark Kjaerbye
70%
14 Sweden Krimz
70%
3 Turkey XANTARES
70%
6 United States Stewie2K
69%
5 Germany tabseN
69%
8 Brazil TACO
69%
12 Kazakhstan AdreN
68%
4 United States adreN
68%
10 United States Skadoodle
68%
5 Sweden twist
68%
2 France ZywOo
68%
2 Finland Aleksib
67%
11 Russia Dosia
67%
4 Estonia ropz
67%
9 United States tarik
67%
13 Russia flamie
64%
2 Brazil fnx
64%
7 Australia jks
64%
8 United States EliGE
63%
13 Ukraine Edward
62%
6 Canada NAF
61%
9 France RpK
61%
9 Sweden friberg
60%
11 France kioShima
60%
6 Kazakhstan mou
60%
8 Sweden pronax
60%
11 Sweden Xizt
60%
10 Netherlands chrisJ
59%
10 Germany nex
58%
3 Turkey woxic
58%
3 Russia Jame
57%
4 Canada Twistzz
57%
9 United States nitr0
56%
4 Denmark cadian
55%
13 Denmark cajunb
55%
2 Finland sergej
55%
4 Russia Boombl4
54%
3 Sweden Fifflaren
54%
9 United States Hiko
54%
6 Germany/Turkey gob b
53%
5 United States RUSH
53%
4 United States autimatic
52%
7 Canada shroud
52%
11 France SmithZz
52%
10 Sweden dennis
51%
8 Australia AZR
50%
2 Bulgaria Cerq
50%
1 Brazil HEN1
50%
7 Norway jkaem
50%
4 Brazil boltz
48%
2 France DEVIL
48%
1 Russia Perfecto
48%
12 Russia seized
48%
3 Finland suNny
48%
1 Slovakia frozen
47%
1 Serbia nexa
47%
1 United Kingdom smooya
47%
2 New Zealand Gratisfaction
46%
2 Finland xseven
46%
12 Ukraine markeloff
45%
4 Czech Republic oskar
45%
3 Kazakhstan qikert
45%
4 United States swag
45%
1 Sweden Brollan
44%
10 United States n0thing
44%
3 Brazil felps
43%
5 Denmark k0nfig
43%
4 Brazil steel
42%
1 Canada/United Kingdom steel
42%
2 Finland Aerial
41%
3 Indonesia BnTeT
41%
2 United States Brehze
41%
2 United Kingdom ALEX
40%
2 Sweden Devilwalk
40%
2 Brazil LUCAS1
40%
9 Denmark MSL
40%
1 Uzbekistan SANJI
40%
3 Germany tiziaN
39%
11 Denmark aizy
38%
9 Germany denis
38%
2 United States Ethan
38%
2 France AmaNEk
37%
2 France JaCkz
37%
1 Poland MICHU
37%
3 Denmark valde
37%
2 Brazil KSCERATO
36%
5 Canada stanislaw
36%
2 Brazil arT
35%
3 Kazakhstan buster
35%
3 Sweden Golden
35%
3 Sweden REZ
35%
6 France bodyy
34%
8 Belgium Ex6TenZ
34%
5 Portugal fox
34%
2 Australia Liazz
34%
5 Sweden Maikelele
34%
2 Canada daps
33%
7 Germany Spiidi
33%
3 France KQLY
32%
2 Denmark Nico
32%
3 China somebody
31%
2 Brazil yuurih
31%
2 Australia DickStacy
30%
6 United States jdm64
30%
2 Brazil/Italy kNgV-
30%
2 Turkey/France MAJ3R
30%
2 Turkey paz
30%
2 Brazil VINI
30%
3 China Attacker
29%
4 Russia chopper
29%
5 Sweden Lekr0
29%
5 Switzerland Maniac
29%
8 United States seangares
29%
3 China Summer
29%
2 Spain mixwell
28%
3 Slovakia STYKO
28%
2 Australia dexter
27%
3 Jordan ISSAA
27%
10 Russia WorldEdit
27%
2 Turkey Calyx
26%
1 Lithuania EspiranTo
26%
2 France Lucky
26%
6 Denmark Pimp
26%
3 Sweden znajder
26%
9 Ukraine ANGE1
25%
3 United States DaZeD
25%
3 Germany/Serbia LEGIJA
25%
4 Norway/Chile RUBINO
25%
4 Australia SPUNJ
25%
5 Ukraine starix
25%
1 Sweden draken
24%
3 Poland innocent
24%
6 Russia/Finland wayLander
24%
9 Ukraine B1ad3
23%
1 Russia FL1T
23%
3 United States freakazoid
23%
3 Poland rallen
23%
1 Denmark Snappi
23%
3 Russia mir
22%
2 United States Nifty
22%
1 Sweden pyth
22%
4 Canada AZK
21%
1 Sweden disco doplan
21%
1 Finland ottoNd
21%
1 Denmark zonic
21%
7 Ukraine bondik
20%
3 Hungary Deadfox
20%
1 Estonia HS
20%
1 United States koosta
20%
4 Germany kRYSTAL
20%
5 United States ShaZaM
20%
2 France SIXER
20%
2 Indonesia xccurate
20%
1 Poland SZPERO
19%
1 China captainMo
18%
2 Denmark gade
18%
1 Denmark HUNDEN
18%
1 Russia Jerry
18%
2 Malaysia kaze
18%
1 Turkey ngiN
18%
1 United States oBo
18%
5 Canada SEMPHIS
18%
2 Ukraine somedieyoung
18%
4 Denmark FeTiSh
17%
2 Denmark JUGi
17%
1 France xms
17%
2 Finland zehN
17%
2 Brazil zews
17%
3 Canada FNS
16%
2 Hong Kong Freeman
16%
3 United States FugLy
16%
2 Poland Furlan
16%
2 Poland Gruby
16%
1 Belgium Keoz
16%
1 Serbia LETN1
16%
1 Slovakia Zero
16%
1 Brazil chelo
15%
5 United States hazed
15%
2 Germany keev
15%
3 Spain loWel
15%
1 New Zealand Sico
15%
1 Poland snatchie
15%
3 Australia USTILO
15%
2 Brazil ableJ
14%
3 United Kingdom dephh
14%
1 Poland MINISE
14%
2 Sweden/Bosnia & Herzegovina pita
14%
2 Russia waterfaLLz
14%
1 Russia almazer
13%
1 Ukraine ceh9
13%
5 Russia DavCost
13%
1 China DD
13%
1 France devoduvek
13%
2 Mongolia erkaSt
13%
4 Australia Havoc
13%
2 Poland Hyper
13%
4 Ukraine jR
13%
5 Russia/Ukraine kUcher
13%
3 Lithuania Kvik
13%
2 Australia malta
13%
1 Poland mouz
13%
3 Denmark tenzki
13%
1 Russia facecrack
12%
2 Kazakhstan fitch
12%
1 Finland natu
12%
5 United States reltuC
12%
4 Australia Rickeh
12%
2 Ukraine Shara
12%
3 United States Sick
12%
1 Russia xsepower
12%
1 Russia Forester
11%
2 Denmark Friis
11%
4 Russia hutji
11%
1 Canada jasonR
11%
1 Sweden MODDII
11%
1 United States ptr
11%
3 Russia tonyblack
11%
1 Finland xartE
11%
1 United States Zellsis
11%
1 United States arya
10%
2 Russia Dima
10%
2 Russia hooch
10%
2 Russia jmqa
10%
2 Russia keshandr
10%
1 Russia Krad
10%
2 Kazakhstan Krizzen
10%
1 Kazakhstan neaLaN
10%
2 Poland peet
10%
2 Norway Polly
10%
2 France Sf
10%
1 Sweden Threat
10%
3 France Uzzziii
10%
1 United States yay
10%
1 Denmark Acilion
9%
1 China advent
9%
1 Canada ANDROID
9%
2 Russia balblna
9%
2 Ukraine crush
9%
1 Russia n0rb3r7
9%
1 Sweden robiin
9%
1 Brazil yel
9%
1 India Ace
8%
1 Canada DAVEY
8%
1 Finland diSTURBED
8%
3 France GMX
8%
1 France maLek
8%
1 United States Professor_Chaos
8%
1 Finland stonde
8%
1 Azerbaidjan t0rick
8%
3 Australia topguN
8%
1 Australia yam
8%
2 United States anger
7%
1 Sweden Delpan
7%
1 France fxy0
7%
1 Finland KHRN
7%
2 Denmark LOMME
7%
1 Lithuania nukkye
7%
2 Denmark raalz
7%
2 Russia S0tF1k
7%
1 Sweden SKYTTEN
7%
1 Russia speed4k
7%
1 Germany/Greece stavros
7%
1 New Zealand sterling
7%
2 Germany Troubley
7%
1 Norway zEVES
7%
1 China zhokiNg
7%
1 Brazil zqk
7%
1 United States abE
6%
1 India astaRR
6%
1 Sweden/Bosnia & Herzegovina BENDJI
6%
1 South Africa Cent
6%
1 Norway centeks
6%
1 Sweden cype
6%
1 United States desi
6%
1 Kazakhstan dimasick
6%
1 Australia emagine
6%
2 Denmark EXR
6%
2 France HaRts
6%
1 France ioRek
6%
1 Kazakhstan Ramz1kBO$$
6%
1 India RiTz
6%
1 India RiX
6%
3 Denmark smF
6%
2 Australia SnypeR
6%
1 Russia spaze
6%
1 Russia svyat
6%
1 Norway ultra
6%
1 United States vice
6%
1 Germany alexRr
5%
1 China aumaN
5%
1 Sweden berg
5%
1 South Africa bLacKpoison
5%
2 Ukraine COLDYY1
5%
1 Denmark coloN
5%
1 Sweden/Bosnia & Herzegovina Dumas
5%
1 Turkey hardstyle
5%
1 Australia James
5%
1 Russia kinqie
5%
1 India MithilF
5%
1 Norway prb
5%
1 South Africa Racno
5%
1 Norway Skurk
5%
1 South Africa Detrony
4%
1 South Africa deviaNt
4%
1 Germany fel1x
4%
1 China Karsa
4%
1 China LOVEYY
4%
1 Germany r0bs3n
4%
1 Germany strux1
4%
1 Russia ub1que
4%
1 Sweden xelos
4%
1 Sweden zende
4%
1 Brazil DeStiNy
3%
1 Brazil xand
3%
No matching quizzes found
Score Distribution
Percent of People with Each Score
Percentile by Number Answered
Your Score History
You have not taken this quiz